| 000 | 00922nam a2200277 i 4500 | ||
|---|---|---|---|
| 003 | DO-SdBNP | ||
| 005 | 20250507132113.0 | ||
| 007 | ta | ||
| 008 | 250507b2024 dr ||||| |||| 00| 0 spa d | ||
| 020 | _a9798328071888 | ||
| 040 |
_aDO-SdBNP _bspa _cBNPHU _erda |
||
| 082 | 4 |
_axxx _bxxx _222 |
|
| 100 |
_aMendoza, Joseph, _eautor _4aut. _9810 |
||
| 245 | 1 | 0 |
_aMujeres filosofas y sabiduría para el buen vivir / _cJoseph Mendoza ; corrección, Marisela Jiménez |
| 250 | _aPrimera edición | ||
| 264 | 4 |
_aSanto Domingo : _bEditor no identificado, _c©2024. |
|
| 300 |
_a547 páginas ; _e21 cm. |
||
| 336 |
_atexto _btxt _2rdacontent |
||
| 337 |
_asin mediación _bn _2rdamedia |
||
| 338 |
_avolumen _bnc _2rdacarrier |
||
| 500 | _aIncluye datos biográficos del autor en las solapas | ||
| 590 | _aInventariado, 2025/BT | ||
| 700 |
_aJiménez, Marisela, _ecorrector _4corr. _987694 |
||
| 910 | _aBtavárez | ||
| 942 |
_2ddc _cLBS1 |
||
| 999 |
_c58413 _d58413 |
||